[Event "14th Chicago Open"]
[Site "Wheeling USA"]
[Date "2010.05.30"]
[Round "7"]
[White "Van Wely,L"]
[Black "Gurevich,D"]
[Result "1-0"]
[WhiteElo "2653"]
[BlackElo "2488"]
[EventDate "2010.05.27"]

1. d4 d5 2. c4 e6 3. Nc3 Be7 4. Nf3 Nf6 5. Bg5 h6 6. Bh4 O-O 7. e3 b6 8.
Bd3 Bb7 9. O-O Nbd7 10. Qe2 c5 11. Rfd1 cxd4 12. exd4 dxc4 13. Bxc4 Nd5 14.
Nxd5 Bxh4 15. Ne3 Bf6 16. d5 exd5 17. Bxd5 Bxd5 18. Nxd5 Re8 19. Qb5 Ne5
20. Nd2 Ng4 21. Nc4 Be5 22. h3 Qh4 23. Rd2 Nxf2 24. Nxe5 Nxh3+ 25. gxh3
Rxe5 26. Qd3 Kh8 27. Kh2 Rd8 28. Qf3 Rd6 29. Rad1 Qd8 30. Qxf7 Rd7 31. Qf3
Rg5 32. Kh1 Re5 33. Rd3 Rg5 34. Nf4 Rxd3 35. Rxd3 Qe8 36. Re3 Qd7 37. Qa8+
Kh7 38. Qe4+ Rf5 39. Rd3 Qf7 40. Rd5 g6 41. Rxf5 gxf5 1-0

[Event "14th Chicago Open"]
[Site "Wheeling USA"]
[Date "2010.05.30"]
[Round "7"]
[White "Mitkov,N1"]
[Black "Mikhalevski,V"]
[Result "1/2-1/2"]
[WhiteElo "2509"]
[BlackElo "2614"]
[EventDate "2010.05.27"]

1. e4 c5 2. Nc3 Nc6 3. Nf3 g6 4. d4 cxd4 5. Nxd4 Bg7 6. Be3 Nf6 7. Bc4 O-O
8. Bb3 d6 9. h3 a5 10. a4 Nd7 11. Bxf7+ Rxf7 12. Ne6 Qe8 13. Nc7 Qd8 14.
Ne6 Qe8 15. Nc7 Qd8 16. Nxa8 b6 17. Nd5 Nc5 18. Rb1 Bb7 19. Bxc5 bxc5 20.
Nac7 e6 21. Nxe6 Qe8 22. Nxg7 Qxe4+ 23. Ne3 Nd4 24. Qd3 Qf4 25. Ngf5 Nxf5
26. Nxf5 Bxg2 27. Rg1 Be4 28. Nh6+ Kg7 29. Qe3 Qxe3+ 30. fxe3 Kxh6 31. Rd1
d5 32. Rf1 Rb7 33. b3 Bxc2 34. Rxd5 Rc7 35. Kd2 Bxb3 36. Re5 Bxa4 37. Ra1
Bd7 38. Rxa5 Bxh3 39. Raxc5 Rd7+ 40. Rcd5 Rf7 41. e4 Kg7 42. Ke3 h5 43. Rd6
h4 44. Rg5 Rf6 45. Rd1 Kh6 46. Rdg1 Ra6 47. Kf4 Rf6+ 48. Ke5 Ra6 49. Kf4
Rf6+ 50. Ke3 Ra6 1/2-1/2

[Event "14th Chicago Open"]
[Site "Wheeling USA"]
[Date "2010.05.30"]
[Round "7"]
[White "Vojinovic,G"]
[Black "Stocek,J"]
[Result "1/2-1/2"]
[WhiteElo "2447"]
[BlackElo "2593"]
[EventDate "2010.05.27"]

1. Nf3 Nf6 2. g3 d5 3. Bg2 Bf5 4. O-O e6 5. d3 h6 6. c4 Nc6 7. Qa4 Nd7 8.
cxd5 exd5 9. Nc3 Be6 10. Nb5 Bc5 11. Qh4 a6 12. Qxd8+ Kxd8 13. Nc3 Re8 14.
e3 Rb8 15. d4 Bd6 16. Rd1 f5 17. b3 Nf6 18. Bb2 Ne4 19. Ne1 Ke7 20. Nd3 Kf7
21. Ne2 Kg8 22. Rac1 Bf7 23. Ne5 Ne7 24. Nf4 c6 25. Nfd3 Be6 26. f3 Ng5 27.
Kf2 Nf7 28. Nxf7 Kxf7 29. Bc3 g5 30. Bb4 Bxb4 31. Nxb4 Ng6 32. f4 Kf6 33.
Bf3 Ne7 34. Nd3 Nc8 35. Ne5 Nd6 36. h4 g4 37. Bg2 a5 38. Bf1 Ra8 39. Bd3 h5
40. a3 Ra7 41. Ke2 Rea8 42. Kd2 Ke7 43. Kc3 1/2-1/2

[Event "14th Chicago Open"]
[Site "Wheeling USA"]
[Date "2010.05.30"]
[Round "7"]
[White "Khachiyan,M"]
[Black "Sarkar,J"]
[Result "1-0"]
[WhiteElo "2539"]
[BlackElo "2378"]
[EventDate "2010.05.27"]

1. e4 c5 2. Nf3 d6 3. Bb5+ Nd7 4. d4 Ngf6 5. Nc3 cxd4 6. Qxd4 e5 7. Qd3 h6
8. O-O Be7 9. Be3 O-O 10. Bc4 Qc7 11. h3 Nc5 12. Bxc5 Qxc5 13. Bb3 Bd7 14.
Rad1 Rac8 15. Nh4 Rfd8 16. Ng6 Bf8 17. Nxf8 Kxf8 18. Qxd6+ Qxd6 19. Rxd6
Bc6 20. Rxd8+ Rxd8 21. f3 b5 22. Rd1 Rxd1+ 23. Nxd1 a5 24. a3 Nd7 25. Ne3
Nb6 26. Kf2 h5 27. Ke2 h4 28. Nf5 g5 29. Nh6 f6 30. Ng8 Kg7 31. Ne7 Bd7 32.
Kd3 Kf8 33. Nd5 Nxd5 34. Bxd5 Ke7 35. c4 Kd6 36. b4 axb4 37. axb4 bxc4+ 38.
Kxc4 Ba4 39. b5 Bd1 40. Kb4 Bc2 41. b6 Bd3 42. Bc4 Bxc4 43. Kxc4 Kc6 44. b7
Kxb7 45. Kd5 Kb6 46. Ke6 Kc5 47. Kxf6 Kd4 48. Kxg5 Ke3 49. Kg4 Kf2 50. Kxh4
Kxg2 51. Kg4 1-0

[Event "14th Chicago Open"]
[Site "Wheeling USA"]
[Date "2010.05.30"]
[Round "7"]
[White "Friedel,J"]
[Black "Kleiman,J"]
[Result "1/2-1/2"]
[WhiteElo "2528"]
[BlackElo "2353"]
[EventDate "2010.05.27"]

1. e4 e5 2. Nf3 Nc6 3. Bb5 a6 4. Ba4 Nf6 5. O-O b5 6. Bb3 Bc5 7. a4 Rb8 8.
c3 d6 9. d4 Bb6 10. axb5 axb5 11. Na3 O-O 12. Nxb5 Bg4 13. Re1 Bxf3 14.
gxf3 Nh5 15. Kh1 exd4 16. Nxd4 Nxd4 17. cxd4 c5 18. Rg1 Qh4 19. Qf1 Qf6 20.
Bd1 Nf4 21. Rg4 Ne6 22. d5 h5 23. Rg3 Nf4 24. Ra4 Bd8 25. Ra3 Qe5 26. Bd2
Bf6 27. Bc3 Qe7 28. Ra7 Qd8 29. Rd7 Qxd7 30. Bxf6 Ng6 31. Bc3 Rb4 32. Bc2
Rfb8 33. Qa1 Rd4 34. Qg1 Qe7 35. f4 Qf6 36. f5 Nf4 37. Qe1 Re8 38. Qf1 Ra8
39. h3 Qe5 40. Re3 h4 41. Qg1 Nh5 42. Qg5 Nf4 43. Qxh4 Nxd5 44. Bxd4 cxd4
45. Ra3 Rxa3 46. Qd8+ 1/2-1/2

[Event "14th Chicago Open"]
[Site "Wheeling USA"]
[Date "2010.05.30"]
[Round "7"]
[White "Lenderman,A"]
[Black "Yang,Dar"]
[Result "1-0"]
[WhiteElo "2598"]
[BlackElo "2393"]
[EventDate "2010.05.27"]

1. c4 c5 2. Nf3 Nc6 3. d4 cxd4 4. Nxd4 e6 5. g3 Bb4+ 6. Nc3 Qa5 7. Ndb5 a6
8. Nd6+ Ke7 9. Nxc8+ Rxc8 10. Bd2 Nf6 11. Bg2 b5 12. cxb5 Bxc3 13. Bxc3
Qxb5 14. a4 Qf5 15. O-O Rhd8 16. Qb3 Kf8 17. Qb6 Nd5 18. Bxd5 exd5 19. Qxa6
d4 20. Bxd4 Re8 21. Bc3 Qh3 22. Rfd1 Rcd8 23. e3 1-0

[Event "14th Chicago Open"]
[Site "Wheeling USA"]
[Date "2010.05.30"]
[Round "7"]
[White "Finegold,B"]
[Black "Almeida Saenz,A"]
[Result "1/2-1/2"]
[WhiteElo "2539"]
[BlackElo "2380"]
[EventDate "2010.05.27"]

1. d4 d5 2. c4 c6 3. Nf3 Nf6 4. Nc3 a6 5. a4 a5 6. cxd5 Nxd5 7. e4 Nb4 8.
Bc4 e6 9. O-O Be7 10. Qe2 O-O 11. Rd1 Nd7 12. Bf4 Nf6 13. Rac1 b6 14. Ne5
Bb7 15. h3 Qc8 16. Bg5 Ba6 17. Bxa6 Qxa6 18. Bxf6 Bxf6 19. Nd7 Bg5 20. Qxa6
1/2-1/2

[Event "14th Chicago Open"]
[Site "Wheeling USA"]
[Date "2010.05.30"]
[Round "7"]
[White "Perelshteyn,E"]
[Black "Holt,C"]
[Result "0-1"]
[WhiteElo "2534"]
[BlackElo "2375"]
[EventDate "2010.05.27"]

1. d4 d5 2. c4 c6 3. cxd5 cxd5 4. Nc3 e5 5. Nf3 e4 6. Ne5 f6 7. Qa4+ Nd7 8.
Ng4 Kf7 9. Ne3 Nb6 10. Qb3 Be6 11. g3 h5 12. h4 Ne7 13. a4 a5 14. Nb5 Nc6
15. f3 Rc8 16. Kf2 Nb4 17. Bg2 f5 18. Bd2 Be7 19. Bh3 g6 20. Ng2 Nc4 21.
Bf4 Qb6 22. Rhd1 Bf6 23. Rac1 Bd7 24. fxe4 Bxb5 25. axb5 Bxd4+ 26. Kf1 Bg1
27. e3 Nd2+ 28. Rxd2 Rxc1+ 29. Ne1 Qxb5+ 30. Kxg1 Rxe1+ 31. Kf2 Re2+ 32.
Rxe2 Nd3+ 33. Qxd3 Qxd3 34. exd5 Rc8 35. d6 Rc2 36. Bf1 a4 37. Rxc2 Qxc2+
38. Kf3 Qc6+ 39. Kf2 Ke6 40. Bd3 Qd5 41. Be2 b5 42. e4 Qd4+ 0-1

[Event "14th Chicago Open"]
[Site "Wheeling USA"]
[Date "2010.05.30"]
[Round "7"]
[White "Gerzhoy,L"]
[Black "Mandiza,F"]
[Result "1/2-1/2"]
[WhiteElo "2469"]
[BlackElo "2315"]
[EventDate "2010.05.27"]

1. e4 e6 2. d4 d5 3. Nc3 Bb4 4. e5 c5 5. a3 Bxc3+ 6. bxc3 Ne7 7. Qg4 O-O 8.
Bd3 Nbc6 9. Qh5 Ng6 10. Nf3 Nce7 11. h4 c4 12. Bxg6 fxg6 13. Qg4 Rf5 14.
Bg5 Bd7 15. Kd2 Be8 16. Qh3 h6 17. Be3 Ba4 18. g4 Rf7 19. h5 Qf8 20. Ng1 g5
21. Ne2 Kh8 22. Rhf1 Rf3 23. Qg2 Rc8 24. Ng1 Rf7 25. Ne2 Rf3 26. Ng1 Rf7
27. Ne2 1/2-1/2

[Event "14th Chicago Open"]
[Site "Wheeling USA"]
[Date "2010.05.30"]
[Round "7"]
[White "Dean,J"]
[Black "Cao,K"]
[Result "1-0"]
[WhiteElo "2235"]
[BlackElo "1998"]
[EventDate "2010.05.27"]

1. d4 d5 2. c4 e6 3. Nf3 Nf6 4. Nc3 Nbd7 5. Bf4 c6 6. e3 Be7 7. c5 O-O 8.
Bd3 b6 9. b4 Bb7 10. h3 Re8 11. Bh2 Nf8 12. O-O Ng6 13. Qc2 Qc8 14. Ne5 Nd7
15. f4 f5 16. g4 Ngxe5 17. fxe5 g6 18. gxf5 exf5 19. Ne2 Ba6 20. b5 Bxb5
21. Bxb5 cxb5 22. c6 Nf8 23. Nf4 Rd8 24. c7 Rd7 25. Qc6 Rxc7 26. Qxd5+ Kg7
27. Qxb5 Rc2 28. e6 Kg8 29. Qe5 Qd8 30. Nd5 Rc6 31. Nxe7+ Qxe7 32. d5 Rc2
33. Kh1 Rd8 34. e4 Qg5 35. Qg3 Qxg3 36. Bxg3 Nxe6 37. dxe6 fxe4 38. e7 Re8
39. Bd6 Kg7 40. Rf8 Rcc8 41. Re1 1-0

[Event "14th Chicago Open"]
[Site "Wheeling USA"]
[Date "2010.05.30"]
[Round "7"]
[White "Gurczak,J"]
[Black "Michaelides,Matthew"]
[Result "1-0"]
[WhiteElo "2069"]
[BlackElo "2157"]
[EventDate "2010.05.27"]

1. d4 d6 2. c4 e5 3. Nf3 Nd7 4. Nc3 Ngf6 5. Qc2 g6 6. Bg5 exd4 7. Nxd4 Bg7
8. e3 O-O 9. Be2 c6 10. O-O Qc7 11. Rfd1 Re8 12. Rac1 Nc5 13. h3 a5 14. Bf4
Bf8 15. Bf3 Bd7 16. b3 Rad8 17. a3 Ne6 18. Nxe6 Bxe6 19. c5 b6 20. cxd6
Bxd6 21. Rxd6 Qe7 22. Rxd8 Rxd8 23. Bg5 Bf5 24. e4 1-0

[Event "14th Chicago Open"]
[Site "Wheeling USA"]
[Date "2010.05.31"]
[Round "8"]
[White "Sedlak,N"]
[Black "Gareev,T"]
[Result "1/2-1/2"]
[WhiteElo "2567"]
[BlackElo "2599"]
[EventDate "2010.05.27"]

1. d4 d5 2. c4 c6 3. Nf3 Nf6 4. e3 Bg4 5. Nc3 e6 6. Qb3 Qb6 7. Nh4 Bh5 8.
h3 Bg6 9. Nxg6 hxg6 10. Qc2 Nbd7 11. Bd2 Be7 12. Be2 O-O 13. O-O e5 14.
dxe5 Nxe5 15. cxd5 cxd5 16. Rfd1 Rac8 17. Be1 Rfd8 18. Qb3 Qxb3 19. axb3
Nc6 20. Bf3 d4 21. exd4 Nxd4 22. Bxb7 Rb8 23. Bd5 Nc2 24. Rac1 Nxe1 25.
Rxe1 Nxd5 26. Nxd5 Bf8 27. Ne7+ Bxe7 28. Rxe7 Rxb3 29. Rcc7 Rf8 30. Rxa7
Rxb2 1/2-1/2

[Event "14th Chicago Open"]
[Site "Wheeling USA"]
[Date "2010.05.31"]
[Round "8"]
[White "Mikhalevski,V"]
[Black "Vojinovic,G"]
[Result "1-0"]
[WhiteElo "2614"]
[BlackElo "2447"]
[EventDate "2010.05.27"]

1. d4 d5 2. c4 c6 3. Nf3 Nf6 4. Nc3 dxc4 5. a4 Bf5 6. Ne5 Nbd7 7. Nxc4 Qc7
8. g3 Rd8 9. Bf4 Qc8 10. f3 Nc5 11. g4 Ne6 12. Be5 Bg6 13. e3 h5 14. g5
Nxg5 15. h4 Ngh7 16. Rc1 e6 17. Rg1 Be7 18. Bh3 O-O 19. Rxg6 fxg6 20. Qc2
Bb4 21. Qxg6 Qd7 22. Ke2 Qe8 23. Qg3 b5 24. Nd6 Qe7 25. Nce4 Kh8 26. Rxc6
bxa4 27. Nc5 Bxc5 28. dxc5 Qd7 29. Ra6 Rc8 30. Bd4 Rc7 31. Qe5 Ne8 32. Bxe6
Qe7 33. Nf5 Qd8 34. Bc4 Nhf6 35. Re6 1-0

[Event "14th Chicago Open"]
[Site "Wheeling USA"]
[Date "2010.05.31"]
[Round "8"]
[White "Molner,M"]
[Black "Lenderman,A"]
[Result "1-0"]
[WhiteElo "2439"]
[BlackElo "2598"]
[EventDate "2010.05.27"]

1. e4 c6 2. d4 d5 3. e5 Bf5 4. Nf3 e6 5. Be2 c5 6. Be3 Qb6 7. Nc3 Nc6 8.
O-O Qxb2 9. Nb5 c4 10. Nc7+ Kd7 11. Nxa8 Bxc2 12. Qd2 c3 13. Qe1 Bb4 14.
Ng5 Nh6 15. g4 Bg6 16. f4 c2 17. Qf2 Bc3 18. f5 Nxd4 19. fxg6 c1=Q 20.
Raxc1 Nxe2+ 21. Kh1 Nxc1 22. Qxb2 Bxb2 23. Nxf7 Rxa8 24. Bxh6 gxh6 25. gxh7
Nd3 26. h8=Q Rxh8 27. Nxh8 Nxe5 28. Nf7 Nxg4 29. Rb1 Nf2+ 30. Kg2 Nd3 31.
Nxh6 a5 32. Ng4 Kc6 33. Nf2 Nf4+ 34. Kf3 Be5 35. Re1 Bd6 36. Ng4 Nh3 37.
Kg2 Nf4+ 38. Kf3 Nh3 39. Ne5+ Kc5 40. Nf7 e5 41. Rc1+ 1-0

[Event "14th Chicago Open"]
[Site "Wheeling USA"]
[Date "2010.05.31"]
[Round "8"]
[White "Amanov,M"]
[Black "Rodriguez,Er"]
[Result "1-0"]
[WhiteElo "2479"]
[BlackElo "2315"]
[EventDate "2010.05.27"]

1. Nf3 Nf6 2. c4 c5 3. e3 g6 4. d4 Bg7 5. Nc3 O-O 6. Be2 cxd4 7. Nxd4 Nc6
8. O-O b6 9. b3 Bb7 10. Bb2 Nxd4 11. exd4 d5 12. Bf3 Qc8 13. cxd5 Qd7 14.
Re1 Nxd5 15. Nxd5 Bxd5 16. Bxd5 Qxd5 17. Rxe7 Rfd8 18. g3 a5 19. Rc1 Bf6
20. Rec7 Bxd4 21. Bxd4 Qxd4 22. Qf3 Qd5 23. Qf6 a4 24. bxa4 Qxa2 25. h4 Qd5
26. h5 gxh5 27. Qxb6 Rxa4 28. R7c5 Qd2 29. Qf6 h6 30. Rc8 Rad4 31. R1c7
Qe1+ 32. Kh2 Qe8 33. Qxh6 R4d5 1-0

[Event "14th Chicago Open"]
[Site "Wheeling USA"]
[Date "2010.05.31"]
[Round "8"]
[White "Homa,S"]
[Black "Gerzhoy,L"]
[Result "0-1"]
[WhiteElo "2295"]
[BlackElo "2469"]
[EventDate "2010.05.27"]

1. d4 Nf6 2. c4 e6 3. Nc3 Bb4 4. e3 c5 5. Bd3 Nc6 6. Nge2 cxd4 7. exd4 d5
8. cxd5 Nxd5 9. a3 Bd6 10. O-O O-O 11. Bc2 Qh4 12. h3 Nxc3 13. bxc3 e5 14.
Qd3 Re8 15. dxe5 Bxe5 16. Rb1 Be6 17. Bb3 Rad8 18. Qf3 Bxb3 19. Rxb3 Rd7
20. Nf4 Bxf4 21. Bxf4 Qf6 22. Qg4 Qe6 23. Qxe6 Rxe6 24. Rfb1 b6 25. Be3 Re4
26. Rb5 Rc4 27. Kh2 f6 28. g4 Rxc3 29. g5 fxg5 30. Rxg5 Rxa3 31. Rc1 Ne7
32. h4 Rad3 33. Rcg1 g6 34. h5 R3d5 35. hxg6 hxg6 36. R5g4 Kf7 37. Ra1 Nf5
38. Rga4 Nxe3 39. fxe3 a5 40. Rb1 R7d6 41. Ra3 Ke6 42. Rab3 a4 43. Rxb6
Rxb6 44. Rxb6+ Rd6 45. Rb1 Ra6 46. Rg1 Kf5 0-1

[Event "14th Chicago Open"]
[Site "Wheeling USA"]
[Date "2010.05.31"]
[Round "8"]
[White "Bercys,S"]
[Black "Abrahamyan,T"]
[Result "1/2-1/2"]
[WhiteElo "2427"]
[BlackElo "2290"]
[EventDate "2010.05.27"]

1. d4 Nf6 2. Nf3 g6 3. c4 Bg7 4. Nc3 O-O 5. g3 d6 6. Bg2 Nc6 7. O-O a6 8.
b3 Rb8 9. Bb2 b5 10. cxb5 axb5 11. Rc1 Na5 12. Nd2 c6 13. b4 Nc4 14. Nxc4
bxc4 15. a3 d5 16. e4 Be6 17. Qe2 Ne8 18. Na4 dxe4 19. Nc5 Bd5 20. Nxe4 Nd6
21. Rfe1 Nb5 22. Nd2 c3 23. Bxc3 Nxa3 24. Qxe7 Nb5 25. Qxd8 Rfxd8 26. Bxd5
Rxd5 27. Nf3 Nxc3 28. Rxc3 Bxd4 29. Nxd4 Rxd4 30. Rxc6 Rdxb4 31. Re2
1/2-1/2

[Event "14th Chicago Open"]
[Site "Wheeling USA"]
[Date "2010.05.31"]
[Round "8"]
[White "Mulyar,M"]
[Black "Theil,C"]
[Result "1-0"]
[WhiteElo "2398"]
[BlackElo "2219"]
[EventDate "2010.05.27"]

1. c4 c5 2. Nf3 Nc6 3. d4 cxd4 4. Nxd4 g6 5. e4 Bg7 6. Be3 d6 7. Nc3 Qb6 8.
Ndb5 Bxc3+ 9. bxc3 Qa5 10. Bd4 Nxd4 11. Qxd4 Nf6 12. Nxd6+ exd6 13. Qxf6
Qe5 14. Qxe5+ dxe5 15. c5 Be6 16. Rb1 O-O 17. Rxb7 Rfc8 18. Rb5 Bxa2 19.
Ra5 Be6 20. Ba6 Rc7 21. Ke2 Rb8 22. Rd1 Rb3 23. c4 Rb4 24. Rd5 Rb2+ 25. Rd2
Rb3 26. Rc2 Kg7 27. Rb5 Ra3 28. Bb7 Ra2 29. Rxa2 Bxc4+ 30. Ke3 Bxb5 31. Bd5
a6 32. c6 Kf8 33. f4 f6 34. fxe5 fxe5 35. Rf2+ Ke7 36. Rf7+ Kd6 37. Rf6+
Kc5 38. Re6 Bxc6 39. Bxc6 Rxc6 40. Rxe5+ Kd6 41. Ra5 Ke6 42. Kf4 Rb6 43. g4
h6 44. h4 Kf6 45. Rc5 Re6 46. e5+ Kf7 47. h5 Rb6 48. Rc7+ Ke6 49. hxg6 Rb4+
50. Kg3 Kxe5 51. Kh4 Kd6 52. g7 Rb8 53. Rf7 1-0

[Event "14th Chicago Open"]
[Site "Wheeling USA"]
[Date "2010.05.31"]
[Round "8"]
[White "Betaneli,A"]
[Black "Gurczak,J"]
[Result "1-0"]
[WhiteElo "2260"]
[BlackElo "2069"]
[EventDate "2010.05.27"]

1. e4 c5 2. b3 d6 3. Bb2 e6 4. Bb5+ Nc6 5. f4 Bd7 6. Nf3 Nf6 7. d3 Be7 8.
O-O O-O 9. Nc3 Nd4 10. Bxd7 Qxd7 11. Ne2 Nxe2+ 12. Qxe2 b5 13. e5 Nd5 14.
g3 Rac8 15. c4 Nb6 16. exd6 Bxd6 17. Ng5 h6 18. Ne4 Be7 19. Rad1 f5 20. Nd2
Bf6 21. Nf3 Bxb2 22. Qxb2 a6 23. Rfe1 Qd6 24. Qe5 Qxe5 25. Nxe5 Rcd8 26.
Rd2 Rd6 27. cxb5 axb5 28. Rc1 Rc8 29. Rdc2 Nd7 30. Nxd7 Rxd7 31. b4 Rxd3
32. bxc5 Rd5 33. c6 Kf7 34. c7 Ke7 35. Kf2 Kd7 36. Ke3 Kd6 37. Rc6+ Kd7 38.
h4 h5 39. a3 Ke7 40. R6c5 Rxc5 41. Rxc5 Kd7 42. Kd4 Kd6 43. Rc2 Kd7 44. Ke5
Ke7 45. Rc6 Kd7 46. Rxe6 Rxc7 47. Rb6 Rc5+ 48. Kd4 Rc4+ 49. Kd5 Rc3 50.
Rxb5 Rxg3 51. Rb7+ Ke8 52. a4 Kf8 53. Ke6 Rg6+ 54. Kxf5 Ra6 55. Rb4 g6+ 56.
Ke5 Kg7 57. Rc4 Ra5+ 58. Kd6 Kf6 59. Kc6 Ra8 60. Kb7 Ra5 61. Kb6 Ra8 62. a5
Kf5 63. a6 Kg4 64. a7 Kxh4 65. f5+ Kg5 66. fxg6 Kxg6 67. Rc5 h4 68. Kb7 1-0

[Event "14th Chicago Open"]
[Site "Wheeling USA"]
[Date "2010.05.31"]
[Round "9"]
[White "Van Wely,L"]
[Black "Shankland,S"]
[Result "1-0"]
[WhiteElo "2653"]
[BlackElo "2507"]
[EventDate "2010.05.27"]

1. c4 Nf6 2. Nc3 e5 3. Nf3 Nc6 4. g3 Nd4 5. Bg2 Nxf3+ 6. Bxf3 Bb4 7. Qb3
Bc5 8. O-O O-O 9. Rd1 a6 10. e3 d6 11. d4 exd4 12. exd4 Ba7 13. Bf4 Rb8 14.
Qc2 Bh3 15. c5 Qd7 16. b4 Rfe8 17. Re1 dxc5 18. dxc5 Rxe1+ 19. Rxe1 Re8 20.
Rxe8+ Qxe8 21. Qe2 Qxe2 22. Nxe2 c6 23. Nd4 a5 24. a3 axb4 25. axb4 Nd7 26.
Nb3 Nb8 27. Be2 Na6 28. Bxa6 bxa6 29. Nd4 Bd7 30. Bd6 f6 31. f4 Kf7 32. Kf2
Ke8 33. Ke3 Kd8 34. Ke4 Kc8 35. Nf5 g6 36. Ne7+ Kd8 37. Ng8 1-0

[Event "14th Chicago Open"]
[Site "Wheeling USA"]
[Date "2010.05.31"]
[Round "9"]
[White "Najer,E"]
[Black "Sedlak,N"]
[Result "1-0"]
[WhiteElo "2663"]
[BlackElo "2567"]
[EventDate "2010.05.27"]

1. e4 e6 2. d4 d5 3. Nc3 Nf6 4. e5 Nfd7 5. f4 c5 6. Nf3 Nc6 7. Be3 Qb6 8.
Na4 Qa5+ 9. c3 c4 10. b4 Qc7 11. Be2 Be7 12. O-O Nf8 13. Qe1 Ng6 14. a3 Bd8
15. Bd1 Nce7 16. Bc2 b6 17. Nb2 a5 18. Qe2 Bd7 19. Bd2 O-O 20. Ng5 axb4 21.
axb4 Rxa1 22. Rxa1 Nc6 23. Nd1 Bxg5 24. fxg5 Qb7 25. Ne3 Ra8 26. Rf1 Ra2
27. h4 Be8 28. h5 Nf8 29. Qf2 Qe7 30. Bb1 Rb2 31. Ng4 Nd7 32. Qe1 Rb3 33.
Qc1 Qd8 34. Bc2 Qa8 35. Nf6+ gxf6 36. gxf6 Nf8 37. Be1 1-0

[Event "14th Chicago Open"]
[Site "Wheeling USA"]
[Date "2010.05.31"]
[Round "9"]
[White "Kacheishvili,G"]
[Black "Mikhalevski,V"]
[Result "0-1"]
[WhiteElo "2587"]
[BlackElo "2614"]
[EventDate "2010.05.27"]

1. d4 Nf6 2. c4 g6 3. Nc3 d5 4. Bg5 Ne4 5. Bh4 Nxc3 6. bxc3 dxc4 7. e3 Be6
8. Nf3 Bg7 9. Be2 Nd7 10. a4 a5 11. Ng5 Bd5 12. e4 h6 13. exd5 hxg5 14.
Bxg5 Nb6 15. O-O Qxd5 16. Bf4 Qd7 17. Bf3 c6 18. Rb1 Ra6 19. Rb2 O-O 20.
Qb1 Qd8 21. Qc2 Re8 22. Be3 e5 23. dxe5 Rxe5 24. Rfb1 Rxe3 25. fxe3 Bf8 26.
Qe4 Ba3 27. Rf2 Qe7 28. Qxe7 Bxe7 29. Rfb2 Bc5 30. Kf2 Nxa4 31. Rxb7 Nxc3
32. Ra1 a4 33. Rc7 a3 34. Bxc6 a2 35. Bb5 Ne4+ 36. Kf3 Nd2+ 37. Ke2 Nb3 38.
Bxa6 Nxa1 39. Bxc4 Nb3 40. Bxf7+ Kf8 41. Bxb3 a1=Q 42. Rxc5 Qa3 43. Rc4
Qxb3 44. Rf4+ Ke7 45. h4 Qc2+ 46. Kf3 Qd1+ 47. Kg3 Qg1 48. Kf3 Qe1 49. Re4+
Kf6 50. Rf4+ Kg7 51. Re4 Qf1+ 52. Kg3 Qd3 53. Rg4 Qxe3+ 54. Kh2 Kh6 55. Ra4
Kh5 56. g3 Qd2+ 57. Kh3 0-1

[Event "14th Chicago Open"]
[Site "Wheeling USA"]
[Date "2010.05.31"]
[Round "9"]
[White "Gareev,T"]
[Black "Kleiman,J"]
[Result "1/2-1/2"]
[WhiteElo "2599"]
[BlackElo "2353"]
[EventDate "2010.05.27"]

1. d4 Nf6 2. c4 e6 3. Nf3 Bb4+ 4. Bd2 Bxd2+ 5. Qxd2 d5 6. g3 O-O 7. Bg2
Nbd7 8. O-O c6 9. Nc3 dxc4 10. a4 Rb8 11. e4 Qc7 12. e5 Nd5 13. Ng5 h6 14.
Nge4 Nxc3 15. bxc3 Rd8 16. Nd6 b5 17. f4 Nf8 18. g4 Rxd6 19. exd6 Qxd6 20.
axb5 cxb5 21. Rxa7 b4 22. cxb4 Rxb4 23. Ra8 Bd7 24. f5 c3 25. Qxc3 Rxd4 26.
Ra6 Qb4 27. Qxb4 Rxb4 28. fxe6 Bxe6 29. Rd1 g5 30. h3 Ng6 31. Bd5 Bxd5 32.
Rxd5 Nf4 33. Rf5 Ng6 34. Ra8+ Kg7 35. Ra7 Nh8 36. Rf3 Rb2 37. Kf1 Rc2 38.
Ke1 Rh2 39. Kf1 Rc2 40. Rf2 Rc3 41. Kg2 Rb3 42. Rf3 Rb1 43. Kf2 Rc1 44. Ke2
Rb1 45. Kd2 Rh1 46. Kc2 Re1 47. Rb7 Rh1 48. Kd3 Re1 49. Kd4 Re2 50. Kc5 Rd2
51. Kc6 Rc2+ 52. Kd6 1/2-1/2

[Event "14th Chicago Open"]
[Site "Wheeling USA"]
[Date "2010.05.31"]
[Round "9"]
[White "Molner,M"]
[Black "Stocek,J"]
[Result "0-1"]
[WhiteElo "2439"]
[BlackElo "2593"]
[EventDate "2010.05.27"]

1. e4 c5 2. Nf3 d6 3. d4 cxd4 4. Nxd4 Nf6 5. Nc3 e6 6. g4 h6 7. g5 hxg5 8.
Bxg5 Nc6 9. Qd2 Qb6 10. Nb3 Bd7 11. O-O-O a6 12. Qe2 Qc7 13. Bg2 Be7 14. f4
O-O-O 15. Kb1 Kb8 16. h4 Ng8 17. Bxe7 Ngxe7 18. h5 Bc8 19. Bf3 Rh7 20. Qd3
g6 21. hxg6 Rxh1 22. Rxh1 Nxg6 23. Qe3 Rg8 24. a3 Na5 25. Nxa5 Qxa5 26. Rh7
Rf8 27. Bh5 Rd8 28. Bxg6 fxg6 29. Rg7 Qc5 30. Qg3 Rh8 31. Rxg6 Rh1+ 32. Ka2
Qc4+ 33. b3 Qf1 0-1

[Event "14th Chicago Open"]
[Site "Wheeling USA"]
[Date "2010.05.31"]
[Round "9"]
[White "Young,An"]
[Black "Shabalov,A"]
[Result "0-1"]
[WhiteElo "2353"]
[BlackElo "2585"]
[EventDate "2010.05.27"]

1. d4 Nf6 2. Nf3 g6 3. c3 Bg7 4. Bf4 O-O 5. e3 d6 6. Be2 b6 7. O-O Bb7 8.
h3 c5 9. a4 Nc6 10. Nbd2 Qd7 11. dxc5 bxc5 12. a5 Nd8 13. Nc4 Ne6 14. Bh2
Rab8 15. Nfd2 Ng5 16. f3 Ne6 17. Qc2 Rbd8 18. e4 Qc8 19. Ne3 Qa8 20. a6 Bc6
21. Nec4 d5 22. exd5 Nxd5 23. Rfe1 Qc8 24. Bf1 Ndc7 25. Ne5 Ba8 26. Bc4 Nd5
27. Bf1 Kh8 28. Ndc4 Nef4 29. Qf2 f6 30. Ng4 e5 31. Qc2 Rf7 32. Nf2 Rfd7
33. Ne4 Ne6 34. Qf2 Qc7 35. Ned2 Ndf4 36. Bxf4 Nxf4 37. Ne4 Ne6 38. Ra5 Rd5
39. Qh4 Rf8 40. Raa1 f5 41. Ng5 Nxg5 42. Qxg5 e4 43. Ne3 Rdd8 44. Rad1 Bf6
45. Rxd8 Qxd8 46. Qf4 g5 47. Qh2 f4 48. Rd1 Qb8 49. Ng4 Bd8 50. h4 gxh4 51.
fxe4 Bxe4 52. Re1 Bf5 53. Ne5 Bg5 54. Nf3 Qd8 55. Re5 h3 56. Kh1 Bh6 57.
Qg1 Bg7 58. Rxc5 Be4 59. Rh5 hxg2+ 60. Bxg2 Qd3 61. Rh3 Qxa6 62. Qe1 Re8
63. Qd2 Qf6 64. Qe2 Bg6 65. Qf2 a6 66. Nh4 Bh5 67. Qc5 Bg4 68. Nf3 Bxh3 69.
Bxh3 Qg6 70. Ng5 h6 71. Nf3 Qb1+ 72. Ng1 Qxb2 73. Qc6 Qb5 74. Qg6 Qd5+ 75.
Bg2 Qe6 76. Qh5 Rd8 77. Nf3 Qf6 78. Kh2 Rc8 79. c4 Rxc4 80. Qe8+ Qf8 81.
Qg6 Rc8 82. Qxa6 Qf5 83. Nh4 Qg4 84. Ng6+ Kh7 0-1

[Event "14th Chicago Open"]
[Site "Wheeling USA"]
[Date "2010.05.31"]
[Round "9"]
[White "Khachiyan,M"]
[Black "Mulyar,M"]
[Result "1/2-1/2"]
[WhiteElo "2539"]
[BlackElo "2398"]
[EventDate "2010.05.27"]

1. e4 e5 2. Nf3 Nc6 3. Bb5 a6 4. Bxc6 dxc6 5. Nc3 f6 6. d4 exd4 7. Nxd4 c5
8. Nde2 Qxd1+ 9. Nxd1 Be6 10. Bf4 O-O-O 11. Ne3 Ne7 12. Rd1 Re8 13. O-O Ng6
14. Bg3 Ne5 15. Nc3 Bd6 16. Rfe1 h5 17. h3 b5 18. Ncd5 Kb7 19. b3 Bd7 20.
Nf5 Bxf5 21. exf5 h4 22. Bh2 c4 23. Bxe5 Bxe5 24. bxc4 bxc4 25. Kf1 Bd6 26.
Rd4 Rxe1+ 27. Kxe1 Re8+ 28. Kd1 Be5 29. Rd2 Kc6 30. c3 Kc5 31. f4 Bd6 32.
Rd4 a5 33. Kd2 Rb8 34. Ne3 Rb2+ 35. Nc2 Rb1 36. Ne3 Rb2+ 37. Nc2 1/2-1/2

[Event "14th Chicago Open"]
[Site "Wheeling USA"]
[Date "2010.05.31"]
[Round "9"]
[White "Kiewra,K"]
[Black "Perelshteyn,E"]
[Result "0-1"]
[WhiteElo "2311"]
[BlackElo "2534"]
[EventDate "2010.05.27"]

1. e4 c5 2. Nf3 g6 3. d4 cxd4 4. Qxd4 Nf6 5. e5 Nc6 6. Qa4 Nd5 7. Qe4 Nb6
8. Bf4 d5 9. exd6 Bf5 10. Qe2 Nd5 11. Be5 f6 12. Bg3 Ndb4 13. Na3 Qa5 14.
Qd2 Bh6 15. Qxh6 Nxc2+ 16. Kd1 Nxa1 17. Qc1 Qa4+ 18. Kd2 e5 19. Bb5 Qb4+
20. Qc3 O-O-O 21. Qxb4 Nxb4 22. Rxa1 Rxd6+ 23. Ke1 Rhd8 24. Be2 Rc6 25. Rd1
Rxd1+ 26. Kxd1 Nxa2 27. Ne1 Rd6+ 0-1